000 00407nam a2200145Ia 4500
008 220217s9999||||xx |||||||||||||| ||und||
020 _a0-07-063461-0
082 _a005.13 COH
100 _aCohoon, James, P and Davidson, Jack, W
_95964
245 0 _aProgramming C++
250 _a3rd
260 _aTata mcgraw hill company Ltd
_bNew Delhi
_c2007
300 _b450
650 _aPROGRAMMING LANGUAGE
999 _c178807
_d178807